Statistics for Countries Without O-M-A-N

Click here to take the quiz!

General Stats

  • This quiz has been taken 21 times
    (19 since last reset)
  • The average score is 5 of 10

Answer Stats

Answer% Correct
Fiji
83%
Egypt
78%
Peru
61%
Belize
56%
Chile
56%
Greece
56%
Cyprus
44%
Czech Republic
28%
Seychelles
28%
Turkey
22%

Score Distribution

Percentile by Number Answered

Percent of People with Each Score

Your Score History

You have not taken this quiz since the last reset